[Event "IECC Trio 774 email"]
[Site "IECC email"]
[Date "1999.08.04"]
[Round "?"]
[White "Gajic, Zoran"]
[Black "Drucker, Arthur"]
[Result "1-0"]
[WhiteElo "1853"]
[BlackElo "1852"]
[PlyCount "87"]
[EventDate "1999.??.??"]
[EventType "tourn (corr)"]
[EventRounds "4"]
[SourceTitle "Corr 2008"]
[Source "ChessBase"]
[SourceDate "2008.06.24"]
[SourceVersion "1"]
[SourceVersionDate "2008.06.24"]
[SourceQuality "1"]

1. e4 e6 2. d4 d5 3. c4 dxe4 4. Nc3 f5 5. f3 Nf6 6. Be3 Bb4 7. Qb3 Ba5 8. 0-0-0 Rf8 9. d5 Bxc3 10. Qxc3 exd5 11. fxe4 fxe4 12. cxd5 Bg4 13. Be2 Nbd7 14. Kb1 Rf7 15. h3 Bxe2 16. Nxe2 Nb6 17. Bc5 Nfd7 18. Ba3 Qg5 19. Qxc7 Nf6 20. Qd6 Nfxd5 21. h4 Qg6 22. Rxd5 Nxd5 23. Qxd5 e3+ 24. Ka1 Qf5 25. Qd1 Rd8 26. Qa4+ b5 27. Qb3 Rd3 28. Qc2 Rf6 29. Qc7 Qd7 30. Qe5+ Kf7 31. Rc1 Rf5 32. Qe4 Rf2 33. Nc3 Rdd2 34. Qxe3 b4 35. Bxb4 Rxb2 36. Bc5 Rbd2 37. Qe4 Rf6 38. Qxh7 Qe6 39. g4 Rh6 40. Rf1+ Rf6 41. Qh5+ Kg8 42. Rb1 Rd8 43. Bxa7 Qc4 44. Qa5 1-0

[Event "IECC Trio 765 email"]
[Site "IECC email"]
[Date "1999.07.05"]
[Round "?"]
[White "Drucker, Arthur"]
[Black "Schalkwijk, Peter H"]
[Result "1-0"]
[WhiteElo "1842"]
[BlackElo "1710"]
[PlyCount "115"]
[EventDate "1999.??.??"]
[EventType "tourn (corr)"]
[EventRounds "4"]
[SourceTitle "Corr 2008"]
[Source "ChessBase"]
[SourceDate "2008.06.24"]
[SourceVersion "1"]
[SourceVersionDate "2008.06.24"]
[SourceQuality "1"]

1. e4 c5 2. Nc3 Nc6 3. Bb5 Nd4 4. f4 Nxb5 5. Nxb5 d6 6. Nf3 Nf6 7. d3 Bg4 8. h3 Qa5+ 9. Nc3 Bxf3 10. Qxf3 Nd7 11. 0-0 0-0-0 12. a3 e6 13. Be3 g6 14. b4 Qa6 15. Rab1 Qxa3 16. Rb3 Qa6 17. bxc5 dxc5 18. Rfb1 b6 19. Nb5 Qb7 20. Ra1 a6 21. Na3 b5 22. c4 b4 23. Qf2 Bg7 24. Ra2 Qc7 25. Nc2 a5 26. d4 cxd4 27. Nxd4 Bxd4 28. Bxd4 f6 29. Be3 h6 30. Ra1 e5 31. fxe5 Qxe5 32. Rb2 Rhe8 33. Bd4 Qg5 34. Bb6 Nxb6 35. Qxb6 Qe5 36. Qc6+ Qc7 37. Qa6+ Kd7 38. Qb5+ Ke7 39. e5 Ra8 40. exf6+ Kxf6 41. Rd2 Re5 42. Rf1+ Ke6 43. Rd5 Rb8 44. Rxe5+ Qxe5 45. Qa6+ Kd7 46. Rf7+ Kd8 47. Qxg6 Qe3+ 48. Kh2 Qe5+ 49. g3 Qe2+ 50. Kh1 Qe1+ 51. Kg2 Qe2+ 52. Rf2 Qe7 53. Qd3+ Kc8 54. Qf5+ Kb7 55. Qb5+ Kc7 56. Qxa5+ Kc6 57. Qd5+ Kb6 58. c5+ 1-0